Amazing Journey: The Story of the Who (Record no. 333109)
[ view plain ]
| 000 -LEADER | |
|---|---|
| fixed length control field | 00536nam a2200097Ia 4500 |
| 008 - FIXED-LENGTH DATA ELEMENTS--GENERAL INFORMATION | |
| fixed length control field | 170517s9999 xx 000 0 und d |
| 245 ## - TITLE STATEMENT | |
| Title | Amazing Journey: The Story of the Who |
| 300 ## - PHYSICAL DESCRIPTION | |
| Extent | Like that of a lasting marriage, the story of a long-established rock band is necessarily laden with drama. The Who, now in their fifth decade, have had their share and more -- almost, it seems, from Day One of their existence. Amazing Journey: The Story of the Who... |
| 650 ## - SUBJECT ADDED ENTRY--TOPICAL TERM | |
| General subdivision | Art. |
| 856 ## - ELECTRONIC LOCATION AND ACCESS | |
| Uniform Resource Identifier | <a href="http://topdocumentaryfilms.com/a-hard-days-night/">http://topdocumentaryfilms.com/a-hard-days-night/</a> |
| Withdrawn status | Lost status | Damaged status | Home library | Current library | Date acquired | Total Checkouts | Date last seen | Price effective from | Koha item type |
|---|---|---|---|---|---|---|---|---|---|
| College Library | College Library | 05/17/2017 | 05/17/2017 | 05/17/2017 | Documentary Films |